000 00544nam a2200205 i 4500
001 bg
100 1 _aGROCHOWSKI, Tomasz
245 0 _aNorton Utilities 8.0 /
_cTomasz Grochowski, Witold Wrotek.
260 _aWarszawa :
_bWydaw. PLJ,
_c1994.
300 _a269 s. :
_brys. ;
_c21 cm.
650 9 _aNorton Utilities 8.0
_xprogramowanie
700 1 _aWROTEK, Witold
020 _a8371011601
040 _cBPK
041 0 _apol
080 _a681.322.06
920 _a83-7101-160-1
942 _cKS
008 s pl f |000 0 pol
999 _c6588
_d6588
856 _uhttp://koha.tu.koszalin.pl/cgi-bin/koha/opac-detail.pl?biblionumber=6588
_yKatalog online BPK